000 00513nam a2200169 a 4500
001 000034287
005 20200930073623.0
008 110929s2008 enk 000 0 spa d
020 _a9781905622177
040 _aDO-SdBNP
_bspa
_cBNPHU
100 1 _aCherkaoui, Mohamed
_959714
245 1 3 _aEl Sahara :
_bvínculos sociales y retos geoestratégicos /
_cMohamed Cherkaoui.
260 _aOxford :
_bThe Bardwell Press
_bSiglo XXI,
_c2008.
300 _a217 p. ;
_c25 cm.
500 _aIncluye índice
049 _aBNPD
999 _c33778
_d33778